Les Kanji de première année - Statistiques

Statistiques générales
  • Ce quiz a été pris 84 fois
    78 depuis la dernière actualisation
  • Le résultat moyen est 41 sur 80
Statistiques - réponses
Kanji Traduction % Correct
1
97%
3
97%
2
88%
9
82%
10
79%
4
79%
7
79%
8
79%
5
76%
montagne
76%
6
71%
lune, mois
71%
rivière
71%
jour, soleil
68%
eau
65%
grand
65%
arbre
62%
feu
62%
personne
62%
100
59%
femme
59%
milieu
59%
petit
59%
1000
56%
au-dessus
56%
bouche
56%
chien
56%
en dessous
56%
Forêt
56%
gauche
56%
homme
56%
livre
56%
œil
56%
apprendre
53%
droite
53%
enfant
53%
nom
53%
terre (sol)
53%
voir
53%
yen, rond
53%
année
50%
fleur
50%
main
50%
véhicule
50%
force
47%
or, argent (monnaie)
47%
pluie
47%
pied, jambe
44%
blanc
41%
caractère
41%
école
41%
oreille
41%
rizière
41%
vie, naître, cru
41%
avant
38%
entrer
38%
esprit, air
38%
paradis (ciel)
38%
pierre
38%
roi
38%
sortir
38%
ciel, vide
35%
insecte
35%
tôt, rapide
35%
bambou
32%
Bosquet
32%
ville
32%
balle, joyau
29%
bleu
29%
coquillage
29%
fil
29%
herbe
29%
rouge
29%
se lever
29%
se reposer
29%
soir
29%
son
29%
correct
26%
texte, lettre
24%
village
21%
Aucun quiz correspondant
Distribution des résultats
% des personnes avec chaque résultat
Percentile par nombre de réponses
Votre historique - résultats
Vous n’avez pas pris ce quiz depuis la dernière actualisation